LEADER 00816nam0-22002771i-450- 001 990001657700403321 005 20050502164149.0 035 $a000165770 035 $aFED01000165770 035 $a(Aleph)000165770FED01 035 $a000165770 100 $a20030910d1873----km-y0itay50------ba 101 0 $aita 200 1 $aCatalogo di una scelta biblioteca da vendere (Biblioteca Ruggiero) 210 $aNapoli$cTip. Trani$d1873 215 $a2 v. leg. in 1$d24 cm 610 0 $aBiblioteca Ruggiero 676 $a017.2 712 02$aBiblioteca Ruggiero, Napoli 801 0$aIT$bUNINA$gRICA$2UNIMARC 901 $aBK 912 $a990001657700403321 952 $a60 028.7 B 8$b18717$fFAGBC 959 $aFAGBC 996 $aCatalogo di una scelta biblioteca da vendere (Biblioteca Ruggiero$9372782 997 $aUNINA LEADER 01429nam2 22002893i 450 001 VAN00081562 005 20240806100624.114 100 $a20110124d1914 |0itac50 ba 101 $aita 102 $aIT 105 $a|||| ||||| 200 1 $aˆ<<‰Commento sistematico della nuova legge comunale e provinciale e delle disposizioni legislative complementari>> 3$fG. Fagiolari, E. Presutti 205 $aRoma : Athenaeum$b1914 210 $a391 p.$a23 cm 215 $aFondo Salvatore Biggiero. 461 1$1001VAN00081560$12001 $aCommento sistematico della nuova legge comunale e provinciale e delle disposizioni legislative complementari$fG. Fagiolari, E. Presutti$1210 $aRoma$cAthenaeum$d1914$1215 $avol.$d23 cm$v3 620 $dRoma$3VANL000360 700 1$aFagiolari$bGiuseppe$3VANV067703$0412038 701 1$aPresutti$bErrico$3VANV035521$0322106 712 $aAthenaeum$3VANV110935$4650 790 1$aPresutti, Enrico$zPresutti, Errico$3VANV067547 801 $aIT$bSOL$c20240906$gRICA 899 $aBIBLIOTECA DEL DIPARTIMENTO DI GIURISPRUDENZA$1IT-CE0105$2VAN00 912 $aVAN00081562 950 $aBIBLIOTECA DEL DIPARTIMENTO DI GIURISPRUDENZA$d00CONS FB.IV.30 (3) $e00FB 3485 20110124 996 $aCommento sistematico della nuova legge comunale e provinciale e delle disposizioni legislative complementari 3$91435986 997 $aUNICAMPANIA LEADER 01901nam0 22004573i 450 001 VAN00285184 005 20250325015137.703 017 70$2N$a9783031185649 100 $a20250122d2023 |0itac50 ba 101 $aeng 102 $aCH 105 $a|||| ||||| 181 $ai$b e 182 $ab 183 $acr 200 1 $aSolid Mechanics, Theory of Elasticity and Creep$fHolm Altenbach ... [et al.] editors 210 $aCham$cSpringer$d2023 215 $axxii, 373 p.$cill.$d24 cm 410 1$1001VAN00107736$12001 $aAdvanced Structured Materials$1210 $aHeidelberg$cSpringer$d2010-$v185 606 $a74-XX$xMechanics of deformable solids [MSC 2020]$3VANC022466$2MF 606 $a74Axx$xGeneralities, axiomatics, foundations of continuum mechanics of solids [MSC 2020]$3VANC021919$2MF 606 $a74Bxx$xElastic materials [MSC 2020]$3VANC023433$2MF 610 $aAeromechanics$9KW:K 610 $aAnisotropic shells and plates$9KW:K 610 $aContinuum Biomechanics$9KW:K 610 $aElectroelasticity$9KW:K 610 $aFracture mechanics$9KW:K 610 $aHydromechanics$9KW:K 610 $aMagnetoelasticity$9KW:K 610 $aTribology$9KW:K 620 $aCH$dCham$3VANL001889 702 1$aAltenbach$bHolm$3VANV083470 712 $aSpringer $3VANV108073$4650 801 $aIT$bSOL$c20250328$gRICA 856 4 $uhttps://doi.org/10.1007/978-3-031-18564-9$zE-book ? Accesso al full-text attraverso riconoscimento IP di Ateneo, proxy e/o Shibboleth 899 $aBIBLIOTECA DEL DIPARTIMENTO DI MATEMATICA E FISICA$1IT-CE0120$2VAN08 912 $fN 912 $aVAN00285184 950 $aBIBLIOTECA DEL DIPARTIMENTO DI MATEMATICA E FISICA$d08DLOAD e-Book 10347 $e08eMF10347 20250207 996 $aSolid mechanics, theory of elasticity and creep$93364213 997 $aUNICAMPANIA